Panic! At The Disco Charting Songs (Billboard Hot 100) - Statistics

General Stats
  • This quiz has been taken 136 times
    120 since last reset
  • The average score is 10 of 15
Answer Stats
Album Weeks On Peak Artist(s) Song % Correct
Pray For The Wicked 52 Weeks #4 Panic! At The Disco High Hopes
96%
A Fever You Can't Sweat Out 37 Weeks #7 Panic! At The Disco I Write Sins Not Tragedies
89%
Death of a Bachelor 1 Week #92 Panic! At The Disco Death of a Bachelor
88%
Pray For The Wicked 22 Weeks #16 Panic! At The Disco Hey Look Ma, I Made It
79%
Death of a Bachelor 4 Weeks #89 Panic! At The Disco Victorious
70%
Too Weird to Live, Too Rare to Die! 1 Week #87 Panic! At The Disco This is Gospel
68%
Frozen II 2 Weeks #98 Panic! At The Disco Into the Unknown
67%
Pretty. Odd. 19 Weeks #51 Panic! At The Disco Nine in the Afternoon
64%
Vices & Virtues 1 Week #89 Panic! At The Disco The Ballad of Mona Lisa
64%
Death of a Bachelor 4 Weeks #68 Panic! At The Disco Emperor's New Clothes
63%
Too Weird to Live, Too Rare to Die! 1 Week #68 Panic! At The Disco ft. Lolo Miss Jackson
55%
Suicide Squad: The Album 1 Week #64 Panic! At The Disco Bohemian Rhapsody
52%
Death of a Bachelor 1 Week #40 Panic! At The Disco Hallelujah
52%
Pray For The Wicked 3 Weeks #60 Panic! At The Disco Say Amen (Saturday Night)
43%
A Fever You Can't Sweat Out 8 Weeks #77 Panic! At The Disco The Only Difference Between Martyrdom and Suicide is Press Coverage
27%
No matching quizzes found
Score Distribution
Percent of People with Each Score
Percentile by Number Answered
Your Score History
You have not taken this quiz since the last reset